| 000 | 00370nam a2200121Ia 4500 | ||
|---|---|---|---|
| 008 | 200922s9999 xx 000 0 und d | ||
| 020 | _a978-971-9811-87-9 | ||
| 100 | _aHansen, Don R. | ||
| 245 |
_cDon R. Hansen, Maryanne M. Mowen _aCost accounting and control/ |
||
| 260 |
_aManila: _bC&E Publishing _c2019 |
||
| 300 |
_avi, 590 pages _c25 cm. |
||
| 650 | _aCost accounting | ||
| 999 |
_c364389 _d364389 |
||